00734nam a2200253 a 4500001001300000003000900013005001700022008004100039020001000080082001600090100002600106245003700132260003700169300000900206500003500215505001000250650002200260650001400282700002600296902000800322942000700330952012800337999001500465nice12345678IN_TiNIC20260116012132.0050524s1951 lona grp 000 0 eng  ac10000a234.13bWEA aWeatherhead, Leslie D aPsychology, Religion and Healing aLondonbHodder & Stoughtonc1951 a544p aincludes index and biblioraphy2 aIndex aHealing-Religious aOccultism1 aWeatherhead, Leslie D bSRS cBK 001040708StackRoom-aHMIbHMId2007-06-20g100.00l1o234.13 WEAp09165r2019-01-29s2019-01-22v100.00w2005-05-24yBK c5773d5773